Riadenie pohonového systému pomocou PLC

Guardado en:
Detalles Bibliográficos
Autor principal: Štefanec, Patrik (Autor)
Otros Autores: Mrafko, Leo (Orientador)
Formato: Manuscrito Libro
Lenguaje:eslovaco
Publicado: Bratislava: STU v Bratislave FEI, 2025
Materias:
Acceso en línea:https://opac.crzp.sk/?fn=detailBiblioFormChildKD1J0&sid=BA75C2D62745AD5727E8979ED92F&seo=CRZP-detail-kniha
Etiquetas: Agregar Etiqueta
Sin Etiquetas, Sea el primero en etiquetar este registro!

MARC

LEADER 00000ntm a22000003a 4500
001 stuzp102223
003 SK-STU
005 20260210112046.5
007 ta
008 150427s2015----xo-----f-mn---000-0-slo-d
040 |a STU  |b slo 
041 0 |a slo 
044 |a xo 
100 1 |a Štefanec, Patrik  |u 031000  |4 aut  |U FEI Fakulta elektrotechniky a informatiky  |T FEI Ústav robotiky a kybernetiky  |X 115461  |U E011  |Y 356  |7 115461 
242 0 1 |a Motion System Control using PLC  |y eng 
245 1 0 |a Riadenie pohonového systému pomocou PLC 
260 |a Bratislava:  |b STU v Bratislave FEI,  |c 2025 
300 |a 41 s. 
650 4 |a technologická os  |2 slo 
650 4 |a kinematika  |2 slo 
650 4 |a TIA Portal  |2 slo 
650 4 |a open motion-control bloky  |2 slo 
650 4 |a technological axis  |2 eng 
650 4 |a kinematics  |2 eng 
650 4 |a TIA Portal  |2 eng 
650 4 |a open motion-control blocks  |2 eng 
700 1 |a Mrafko, Leo  |u 031000  |k Z8  |4 ths  |U FEI Fakulta elektrotechniky a informatiky  |T FEI Ústav robotiky a kybernetiky  |X 4972  |U E011  |Y 356  |7 A000004972 
856 4 |u https://opac.crzp.sk/?fn=detailBiblioFormChildKD1J0&sid=BA75C2D62745AD5727E8979ED92F&seo=CRZP-detail-kniha